[Event "Pfalz op-A 9th"]
[Site "Neustadt an der Weinstrasse"]
[Date "2018.02.09"]
[Round "1"]
[White "Herrich, Christoph"]
[Black "Berkes, Ferenc"]
[Result "0-1"]
[WhiteElo "2104"]
[BlackElo "2669"]
[PlyCount "106"]
[EventDate "2018.02.09"]
[EventType "swiss"]
[EventRounds "9"]
[EventCountry "GER"]
[SourceTitle "CBM 182 Extra"]
[Source "ChessBase"]
[SourceDate "2018.02.23"]
[SourceVersion "1"]
[SourceVersionDate "2018.02.23"]
[SourceQuality "1"]

1. e4 Nf6 2. e5 Nd5 3. d4 d6 4. Nf3 dxe5 5. Nxe5 c6 6. Be2 Bf5 7. 0-0 Nd7 8. Nf3 e6 9. c4 N5f6 10. Nc3 Ne4 11. Nxe4 Bxe4 12. Bd3 Bxd3 13. Qxd3 Be7 14. Be3 0-0 15. Rfd1 Nf6 16. Qb3 Qb6 17. Qa4 Ng4 18. Bd2 Rfd8 19. h3 Nf6 20. b4 Ne4 21. c5 Qc7 22. b5 Nxd2 23. Rxd2 Bf6 24. bxc6 bxc6 25. Rad1 Rab8 26. Rd3 h5 27. Rb3 Rxb3 28. axb3 e5 29. Ra1 e4 30. Ne5 Bxe5 31. dxe5 Qxe5 32. Qxa7 e3 33. fxe3 Qxe3+ 34. Kh1 Qxb3 35. Qe7 Rd1+ 36. Rxd1 Qxd1+ 37. Kh2 Qd5 38. Kh1 Kh7 39. Kg1 f6 40. Kh1 h4 41. Kg1 Kg6 42. Qe8+ Kf5 43. Qe7 g5 44. Kh1 Qe6 45. Qh7+ Kf4 46. Qc7+ Kf5 47. Qh7+ Ke5 48. Qd3 Qd5 49. Qe2+ Qe4 50. Qb2+ Kd5 51. Qc3 Qd4 52. Qc2 Qa1+ 53. Kh2 Qf1 0-1

[Event "Dresden ZMD op 22nd"]
[Site "Dresden"]
[Date "2013.08.18"]
[Round "9"]
[White "Barthel, Ansgar"]
[Black "Herrich, Christoph"]
[Result "1/2-1/2"]
[WhiteElo "2244"]
[BlackElo "2080"]
[PlyCount "44"]
[EventDate "2013.08.10"]
[EventType "swiss"]
[EventRounds "9"]
[EventCountry "GER"]
[SourceTitle "CBM 155 Extra"]
[Source "ChessBase"]
[SourceDate "2013.08.26"]
[SourceVersion "1"]
[SourceVersionDate "2013.08.26"]
[SourceQuality "1"]

1. e4 c5 2. Nf3 d6 3. d4 cxd4 4. Nxd4 Nf6 5. Nc3 g6 6. Be3 Bg7 7. f3 0-0 8. Qd2 Nc6 9. Bc4 Bd7 10. 0-0-0 Rb8 11. Bb3 Na5 12. Bh6 Bxh6 13. Qxh6 e5 14. Ndb5 Nxb3+ 15. cxb3 Bxb5 16. Nxb5 d5 17. exd5 Nxd5 18. Kb1 Qd7 19. Nc3 Nxc3+ 20. bxc3 Qf5+ 21. Kb2 Rbd8 22. Qe3 b6 1/2-1/2

[Event "Dresden ZMD op 22nd"]
[Site "Dresden"]
[Date "2013.08.10"]
[Round "1"]
[White "Dann, Matthias"]
[Black "Herrich, Christoph"]
[Result "1-0"]
[WhiteElo "2434"]
[BlackElo "2080"]
[PlyCount "56"]
[EventDate "2013.08.10"]
[EventType "swiss"]
[EventRounds "9"]
[EventCountry "GER"]
[SourceTitle "CBM 155 Extra"]
[Source "ChessBase"]
[SourceDate "2013.08.26"]
[SourceVersion "1"]
[SourceVersionDate "2013.08.26"]
[SourceQuality "1"]

1. c4 Nf6 2. Nf3 g6 3. Nc3 Bg7 4. g3 d6 5. Bg2 0-0 6. 0-0 Nc6 7. Rb1 e5 8. d3 Nh5 9. b4 f5 10. Bg5 Qe8 11. Nd5 Rf7 12. b5 Nd8 13. Qd2 Qf8 14. Bxd8 Qxd8 15. Ng5 Rf8 16. f4 h6 17. Nh3 Be6 18. Nb4 Qc8 19. a4 exf4 20. Nxf4 Nxf4 21. gxf4 Bd4+ 22. Kh1 Bb6 23. Nd5 Qd8 24. a5 c6 25. Nxb6 axb6 26. bxc6 bxc6 27. Rxb6 d5 28. Rxc6 Qd7 1-0

[Event "Dresden ZMD op"]
[Site "Dresden"]
[Date "2010.07.18"]
[Round "9"]
[White "Hansch, Torsten"]
[Black "Herrich, Christoph"]
[Result "0-1"]
[WhiteElo "2163"]
[BlackElo "2044"]
[PlyCount "58"]
[EventDate "2010.07.10"]
[EventType "swiss"]
[EventRounds "9"]
[EventCountry "GER"]
[SourceTitle "CBM 137 Extra"]
[Source "ChessBase"]
[SourceDate "2010.09.01"]
[SourceVersion "1"]
[SourceVersionDate "2010.09.01"]
[SourceQuality "1"]

1. d4 Nf6 2. c4 e6 3. Nf3 c5 4. d5 exd5 5. cxd5 d6 6. Nc3 g6 7. e4 Bg7 8. h3 0-0 9. Bd3 b5 10. 0-0 b4 11. Ne2 Re8 12. Ng3 Nbd7 13. Bf4 c4 14. Bc2 Nc5 15. Re1 Bb7 16. Nd4 Nxd5 17. exd5 Rxe1+ 18. Qxe1 Bxd4 19. Qxb4 Qf6 20. Ne2 Bxb2 21. Rb1 Be5 22. Be3 Bxd5 23. f4 Ba1 24. Bxc5 dxc5 25. Qxc5 Re8 26. Qxd5 Rxe2 27. Qa8+ Kg7 28. Ba4 Bd4+ 29. Kh1 Qxf4 0-1

[Event "Dresden ZMD op"]
[Site "Dresden"]
[Date "2010.07.12"]
[Round "3"]
[White "Herrich, Christoph"]
[Black "Luther, Thomas"]
[Result "0-1"]
[WhiteElo "2044"]
[BlackElo "2544"]
[PlyCount "88"]
[EventDate "2010.07.10"]
[EventType "swiss"]
[EventRounds "9"]
[EventCountry "GER"]
[SourceTitle "CBM 137 Extra"]
[Source "ChessBase"]
[SourceDate "2010.09.01"]
[SourceVersion "1"]
[SourceVersionDate "2010.09.01"]
[SourceQuality "1"]

1. e4 e6 2. d4 d5 3. e5 c5 4. c3 Nc6 5. Nf3 Nge7 6. Bd3 cxd4 7. cxd4 Nf5 8. Bxf5 exf5 9. Nc3 Be6 10. Ne2 Be7 11. h4 h6 12. Nf4 g6 13. Kf1 Qb6 14. g3 Kf8 15. Kg2 Kg7 16. Rb1 a5 17. Be3 a4 18. Qd2 Qa5 19. Rhc1 Qxd2 20. Bxd2 Rhc8 21. Nd3 f4 22. Nxf4 Bf5 23. Nxd5 Bxb1 24. Rxb1 Rd8 25. Nxe7 Nxe7 26. Bc3 Nd5 27. Nd2 a3 28. Ne4 Rdc8 29. Nd6 axb2 30. Nxc8 Nxc3 31. Rxb2 Rxc8 32. Rxb7 Kf8 33. h5 g5 34. e6 fxe6 35. Rh7 Rd8 36. Rxh6 Kf7 37. Rh7+ Kf6 38. Ra7 Nb5 39. Rb7 Nxd4 40. g4 Ne2 41. h6 Nf4+ 42. Kg3 Rd3+ 43. Kh2 Rh3+ 44. Kg1 Rxh6 0-1